[Event "British Rapidplay"]
[Site "Peterborough"]
[Date "2024.03.03"]
[Round "7"]
[White "Amir, Zain"]
[Black "Kryshtafor, Maksym"]
[Result "0-1"]
[WhiteElo "1708"]
[BlackElo "1692"]
[PlyCount "72"]
[EventDate "2024.03.02"]
[EventType "swiss (rapid)"]
[EventRounds "11"]
[EventCountry "ENG"]
[SourceTitle "CB10_2024"]
[SourceDate "2024.03.06"]
[SourceVersion "1"]
[SourceVersionDate "2024.03.06"]
[SourceQuality "1"]

1. d4 d5 2. Bf4 Nf6 3. e3 Bf5 4. Nf3 e6 5. Bd3 Bg6 6. c3 Bd6 7. Bxd6 Qxd6 8. Bxg6 hxg6 9. Nbd2 Nc6 10. Qc2 0-0-0 11. 0-0-0 Ng4 12. Rdf1 Nxh2 13. Nxh2 Rxh2 14. Rxh2 Qxh2 15. g3 e5 16. Qd1 Qh5 17. g4 Qg5 18. f4 exf4 19. exf4 Qf6 20. Qf3 Qe6 21. Kd1 Re8 22. f5 gxf5 23. gxf5 Qd6 24. Qg4 Qf6 25. Rg1 Rg8 26. Re1 Ne7 27. Re5 Rh8 28. Nf1 Rh1 29. Ke2 Qa6+ 30. Ke3 Qxf1 31. f6+ Kb8 32. fxe7 Qc1+ 33. Kf2 Rh2+ 34. Kf3 Qf1+ 35. Ke3 Qf2+ 36. Kd3 Qd2# 0-1